Discurso del método: meditaciones metafísica

Shranjeno v:
Bibliografske podrobnosti
Glavni avtor: Descartes, René (autor)
Drugi avtorji: García Morente, Manuel (autor)
Format: Knjiga
Jezik:španščina
Izdano: Madrid Espasa Calpe 1986
Izdaja:22a. ed
Teme:
Oznake: Označite
Brez oznak, prvi označite!

MARC

LEADER 00000nam a2200000 a 4500
001 UCW8103
003 CL-VaPUC
005 20240902144223.0
008 880517e19860000SP |||||||||||||||||spa|d
999 |c 220581  |d 220579 
040 |c Pontificia Universidad Católica de Valparaíso 
082 0 4 |a 141  |b DES  |2 21 
100 |a Descartes, René  |e autor  |9 265906 
245 1 0 |a Discurso del método: meditaciones metafísica 
250 |a 22a. ed 
260 |a Madrid  |b Espasa Calpe  |c 1986 
300 |a 182 p 
583 |a last modification  |c 19880517 00:00:00  |k Rodrigo Vera 
650 0 |a Teoría del conocimiento   |9 255038 
700 |a García Morente, Manuel  |e autor  |9 347175 
942 |c BK  |2 ddc 
945 |d 19880517 00:00:00 
952 |0 0  |1 0  |4 0  |6 141_000000000000000_DES_1986  |7 0  |8 R  |9 213021  |a BIBEDU  |b BIBEDU  |c MCIRC  |d 2019-11-15  |i 2813254  |l 1  |o 141 DES 1986  |p 2813254  |r 2023-01-13  |s 2022-04-20  |w 2019-11-15  |y BK_R  |k FIL